Catalog

Record Details

Catalog Search



Warrior's refuge  Cover Image Book Book

Warrior's refuge / created by Erin Hunter ; written by Dan Jolley ; art by James L. Barry.

Jolley, Dan. (Author). Hunter, Erin. (Added Author). Barry, James L., 1979- (Added Author).

Summary:

Graystripe and his friend, Mille, are finally on their way. Finding the ThunderClan is a lot harder than they'd imagined, though.

Record details

  • ISBN: 9780061252310 (paper)
  • ISBN: 006125231X (paper)
  • Physical Description: [92 pages) : chiefly illustrations ; 19 cm.
  • Edition: 1st edition
  • Publisher: New York : HarperCollins ; 2008.

Content descriptions

Target Audience Note:
Youth: age 10+
Subject: Cats > Juvenile fiction.
Survival > Juvenile fiction.
Feral cats > Juvenile fiction.
Graphic novels.

LDR 01354cam a2200349 a 4500
001133921
003CONS
00520140703073308.0
008080107s2008 nyua d 000 1 eng d
010 . ‡a 2007935240
020 . ‡a9780061252310 (paper)
020 . ‡a006125231X (paper)
035 . ‡a(CPomAG)LMN506185
1001 . ‡aJolley, Dan.
24510. ‡aWarrior's refuge / ‡ccreated by Erin Hunter ; written by Dan Jolley ; art by James L. Barry.
250 . ‡a1st edition
260 . ‡aNew York : ‡bHarperCollins ; ‡bTokyopop, ‡c2008.
300 . ‡a[92 pages) : ‡bchiefly illustrations ; ‡c19 cm.
4901 . ‡aWarriors, Graystripe's trilogy ; ‡v#2
5200 . ‡aGraystripe and his friend, Mille, are finally on their way. Finding the ThunderClan is a lot harder than they'd imagined, though.
521 . ‡aYouth: age 10+
650 0. ‡aCats ‡vJuvenile fiction.
650 0. ‡aSurvival ‡vJuvenile fiction.
650 0. ‡aFeral cats ‡vJuvenile fiction.
650 0. ‡aGraphic novels.
7001 . ‡aHunter, Erin.
7001 . ‡aBarry, James L., ‡d1979-
8001 . ‡aJolley, Dan. ‡tWarriors. ‡pGraystripe's trilogy ; ‡v#2
830 0. ‡aWarriors Manga ; ‡v#2
914 . ‡dLMN_cm
959 . ‡i32269000889371 ‡lJF Hun ‡aJuvenile - Fiction ‡tJuv Fiction ‡g17.00 ‡dneeds new spine label
852 . ‡p32269000889371 ‡jJF Hun ‡gJuvenile - Fiction ‡cJuv Fiction ‡y17.00 ‡bSBPL
901 . ‡a133921 ‡bUnknown ‡c133921 ‡tbiblio

Additional Resources